Countries with Red, White & blue in there flag - Statistics

General Stats
  • This quiz has been taken 94 times
    54 since last reset
  • The average score is 16 of 30
Answer Stats
Hint Answer % Correct
F France
88%
U Usa
84%
R Russia
79%
N Netherlands
77%
A Australia
72%
U United Kingdom
72%
C Croatia
63%
I Iceland
60%
S Slovakia
60%
N New Zealand
56%
S Serbia
56%
S Slovenia
56%
C Czech Republic
53%
L Luxembourg
51%
N Norway
51%
C Costa Rica
49%
C Cuba
49%
F Fiji
49%
N North Korea
49%
T Thailand
49%
C Chile
47%
P Panama
47%
C Cambodia
44%
D Dominican Republic
44%
L Laos
44%
L Liberia
42%
P Paraguay
42%
N Nepal
40%
T Taiwan
33%
S Samoa
26%
No matching quizzes found
Score Distribution
Percent of People with Each Score
Percentile by Number Answered
Your Score History
You have not taken this quiz since the last reset